000 00350nam a2200133Ia 4500
008 230917s9999||||xx |||||||||||||| ||und||
040 _e159395
_aMAIN
041 _aEnglish
082 _a352.054558 A36N
100 _aAshok Kumar
245 0 _aNagarpalika prashashan: Gohana Municipal Committee ka vishesh adhyayan
300 _a210 p.
942 _cTH
999 _c71932
_d71932